01019nam a2200289 i 450000100060000000300090000600500170001500800390003201500150007104000410008604600090012708000110013610000300014724500950017726000600027230000470033238000160037938800140039538800140040949000410042365000280046465000360049265000130052871000460054183000440058785600980063111490KOSZ 00520210215145242.0070817s1968 pl a f 000 0 pol aPB 1969/85 aWA NcWA NdKOSZ 005/RWdKOSZ 005/HR k1968 a658.561 aNowakowski, IgnacyeAutor10aKontrola zużycia materiałów w przedsiębiorstwie przemysłowym /cIgnacy Nowakowski. aWarszawa :bPaństwowe Wydawnictwo Ekonomiczne,c1968. a134, [2] s., [1] k. tabl. :bil. ;c18 cm. aKsiążki a1901-2000 a1945-19891 aBiblioteka Gospodarki Materiałowej. 4aGospodarka materiałowa 4aZaopatrzenie przedsiębiorstwa 4aKontrola2 aPaństwowe Wydawnictwo Ekonomiczne4pbl. 0aGM Biblioteka Gospodarki Materiałowej. uhttp://koha.tu.koszalin.pl/cgi-bin/koha/opac-detail.pl?biblionumber=11490yKatalog online BPK